| 000 | 01338nam a2200349Ia 4500 | ||
|---|---|---|---|
| 001 | ebr10080908 | ||
| 003 | CaPaEBR | ||
| 006 | m u | ||
| 007 | cr cn||||||||| | ||
| 008 | 030701s2004 enka sb 001 0 eng d | ||
| 010 | _z 2003109267 | ||
| 015 | _aGBA3-W2884 | ||
| 020 | _z9781412933438 | ||
| 020 | _z076194950X | ||
| 020 | _z0761949518 (pbk.) | ||
| 040 |
_aCaPaEBR _cCaPaEBR |
||
| 035 | _a(OCoLC)609954041 | ||
| 050 | 1 | 4 |
_aRJ504 _b.S518 2004eb |
| 082 | 0 | 4 |
_a618.92/89156 _222 |
| 100 | 1 | _aSharry, John. | |
| 245 | 1 | 0 |
_aCounselling children, adolescents and families _h[electronic resource] : _ba strengths-based approach / _cJohn Sharry. |
| 260 |
_aLondon ; _aThousand Oaks, Calif. : _bSAGE Publications, _c2004. |
||
| 300 |
_axiv, 183 p. : _bill. |
||
| 504 | _aIncludes bibliographical references (p. [173]-179) and index. | ||
| 533 |
_aElectronic reproduction. _bPalo Alto, Calif. : _cebrary, _d2009. _nAvailable via World Wide Web. _nAccess may be limited to ebrary affiliated libraries. |
||
| 650 | 0 |
_aChildren _xCounseling of. |
|
| 650 | 0 | _aFamily psychotherapy. | |
| 650 | 0 |
_aTeenagers _xCounseling of. |
|
| 655 | 7 |
_aElectronic books. _2local |
|
| 710 | 2 | _aebrary, Inc. | |
| 856 | 4 | 0 |
_uhttp://site.ebrary.com/lib/rucke/Doc?id=10080908 _zAn electronic book accessible through the World Wide Web; click to view |
| 999 |
_c54989 _d54989 |
||